Ready Reckoner for Indian Economy. 3rd Ed. (Record no. 20995)
[ view plain ]
| 000 -LEADER | |
|---|---|
| fixed length control field | 00326nam a22001337a 4500 |
| 008 - FIXED-LENGTH DATA ELEMENTS--GENERAL INFORMATION | |
| fixed length control field | 241108b |||||||| |||| 00| 0 eng d |
| 020 ## - INTERNATIONAL STANDARD BOOK NUMBER | |
| ISBN | 9789361595554 |
| 100 ## - MAIN ENTRY--AUTHOR NAME | |
| Personal name | M.M Mahajan |
| 245 ## - TITLE STATEMENT | |
| Title | Ready Reckoner for Indian Economy. 3rd Ed. |
| 250 ## - EDITION STATEMENT | |
| Edition statement | 3rd |
| 260 ## - PUBLICATION, DISTRIBUTION, ETC. (IMPRINT) | |
| Place of publication | Noida |
| Name of publisher | Pearson |
| Year of publication | 2025 |
| 300 ## - PHYSICAL DESCRIPTION | |
| Number of Pages | 74 |
| 942 ## - ADDED ENTRY ELEMENTS (KOHA) | |
| Source of classification or shelving scheme | Dewey Decimal Classification |
| Koha item type | Books |
| Accession Number | Bill Date | Source of acquisition | Price effective from | Koha item type | Withdrawn / writtenoff status | Damaged status | Not for loan | Permanent Location | Current Location | Shelving location | Date acquired | Lost/ Missing status | department |
|---|---|---|---|---|---|---|---|---|---|---|---|---|---|
| BBA 351 | 26-10-2024 | ABD Jammu | 11/08/2024 | Books | Not For Loan | MIET Library, Jammu | MIET Library, Jammu | 173/3 | 11/08/2024 | BBA | |||
| BBA 352 | 26-10-2024 | ABD Jammu | 11/08/2024 | Books | MIET Library, Jammu | MIET Library, Jammu | 139/6 | 11/08/2024 | BBA | ||||
| BBA 353 | 26-10-2024 | ABD Jammu | 11/08/2024 | Books | MIET Library, Jammu | MIET Library, Jammu | 139/6 | 11/08/2024 | BBA | ||||
| BBA 354 | 26-10-2024 | ABD Jammu | 11/08/2024 | Books | MIET Library, Jammu | MIET Library, Jammu | 139/6 | 11/08/2024 | BBA | ||||
| BBA 355 | 26-10-2024 | ABD Jammu | 11/08/2024 | Books | MIET Library, Jammu | MIET Library, Jammu | 139/6 | 11/08/2024 | BBA |